00936nam a22002657a 45000010005000000030006000050050017000110080041000280200018000690400029000870500017001160820011001331000039001442450094001832600050002773000057003274900044003845050007004285200080004355210018005155210018005336500038005516500044005897000037006339960FISKH20260319135304.0260319b cb ||||| |||| 00| 0 eng d a9780807586815 aFISKHbengcFISKHdFISKH aPZ7 .W244 .W a813.52 aWarner, Gertrude Chandler eAuthor aWatch runs away /cCreated by Gertrude Chandler Warner ; illustrated by Daniel Mark Duffy aIllinois : bAlbert Whitman & Company ,c1999 a32 unnumbered pages : bcolor illustrations ;c23 cm aAdventures of Benny and Watch :vBook 6 aJ  aBenny tries to figure out why his dog, Watch, keeps escaping from the yard.8 a480 bLexile 8 aJ bRaz-Plus  aBeginner books vBeginning reader aEasy reader fictionvEarly chapter book aDuffy, Daniel Mark eIllustrator